<?xml version="1.0" encoding="UTF-8"?>
<record
    xmlns:xsi="http://www.w3.org/2001/XMLSchema-instance"
    xsi:schemaLocation="http://www.loc.gov/MARC21/slim http://www.loc.gov/standards/marcxml/schema/MARC21slim.xsd"
    xmlns="http://www.loc.gov/MARC21/slim">

  <leader>03761nam0a22005651  4500</leader>
  <controlfield tag="001">v19\rc\1278324</controlfield>
  <controlfield tag="005">20260503064345.0</controlfield>
  <datafield tag="035" ind1=" " ind2=" ">
    <subfield code="a">(NLR Aleph) 004429332</subfield>
  </datafield>
  <datafield tag="090" ind1=" " ind2=" ">
    <subfield code="a">4244938</subfield>
    <subfield code="c">4244938</subfield>
  </datafield>
  <datafield tag="100" ind1=" " ind2=" ">
    <subfield code="a">20251123              rusy50        </subfield>
  </datafield>
  <datafield tag="101" ind1="0" ind2=" ">
    <subfield code="a">rus</subfield>
  </datafield>
  <datafield tag="102" ind1=" " ind2=" ">
    <subfield code="a">RU</subfield>
  </datafield>
  <datafield tag="135" ind1=" " ind2=" ">
    <subfield code="a">crcn 024anaba</subfield>
  </datafield>
  <datafield tag="140" ind1=" " ind2=" ">
    <subfield code="a">y   &#x443;    ka      yyy        </subfield>
  </datafield>
  <datafield tag="200" ind1="1" ind2=" ">
    <subfield code="a">&#x41E; &#x43F;&#x43E;&#x440;&#x44F;&#x434;&#x43A;&#x435; &#x43F;&#x440;&#x43E;&#x438;&#x437;&#x432;&#x43E;&#x434;&#x441;&#x442;&#x432;&#x430; &#x440;&#x430;&#x431;&#x43E;&#x442; &#x43F;&#x440;&#x438; &#x432;&#x43E;&#x43E;&#x440;&#x443;&#x436;&#x435;&#x43D;&#x438;&#x438; &#x43A;&#x43E;&#x440;&#x430;&#x431;&#x43B;&#x435;&#x439; &#x434;&#x43B;&#x44F; &#x43F;&#x43B;&#x430;&#x432;&#x430;&#x43D;&#x438;&#x44F; &#x43F;&#x43E; &#x43C;&#x43E;&#x440;&#x44F;&#x43C;.</subfield>
    <subfield code="f">&#x421;&#x43E;&#x441;&#x442;&#x430;&#x432;&#x43B;&#x435;&#x43D;&#x43E; &#x444;&#x43B;&#x43E;&#x442;&#x430; &#x43A;&#x430;&#x43F;&#x438;&#x442;&#x430;&#x43D;&#x43E;&#x43C; I-&#x433;&#x43E; &#x440;&#x430;&#x43D;&#x433;&#x430; &#x41C;&#x438;&#x43D;&#x438;&#x446;&#x43A;&#x438;&#x43C;.</subfield>
  </datafield>
  <datafield tag="210" ind1=" " ind2=" ">
    <subfield code="a">&#x421;&#x430;&#x43D;&#x43A;&#x442;&#x43F;&#x435;&#x442;&#x435;&#x440;&#x431;&#x443;&#x440;&#x433;</subfield>
    <subfield code="c">&#x432; &#x41C;&#x43E;&#x440;&#x441;&#x43A;&#x43E;&#x439; &#x442;&#x438;&#x43F;&#x43E;&#x433;&#x440;&#x430;&#x444;&#x438;&#x438;</subfield>
    <subfield code="d">1826</subfield>
  </datafield>
  <datafield tag="215" ind1=" " ind2=" ">
    <subfield code="a">[6], 108 &#x441;.</subfield>
    <subfield code="d">8&#xBA;</subfield>
  </datafield>
  <datafield tag="300" ind1=" " ind2=" ">
    <subfield code="a">&#x426;&#x435;&#x43D;&#x437;.: &#x43D;&#x430;&#x43F;&#x435;&#x447;&#x430;&#x442;&#x430;&#x43D;&#x43E; &#x43F;&#x43E; &#x443;&#x43A;&#x430;&#x437;&#x443; &#x433;&#x43E;&#x441;&#x443;&#x434;&#x430;&#x440;&#x441;&#x442;&#x432;&#x435;&#x43D;&#x43D;&#x430;&#x433;&#x43E; &#x410;&#x434;&#x43C;&#x438;&#x440;&#x430;&#x43B;&#x442;&#x435;&#x439;&#x441;&#x43A;&#x430;&#x433;&#x43E; &#x434;&#x435;&#x43F;&#x430;&#x440;&#x442;&#x430;&#x43C;&#x435;&#x43D;&#x442;&#x430;</subfield>
  </datafield>
  <datafield tag="300" ind1=" " ind2=" ">
    <subfield code="a">&#x41D;&#x430; &#x441;.[3-5] &#x43F;&#x440;&#x435;&#x434;&#x438;&#x441;&#x43B;. &#x430;&#x432;&#x442;.</subfield>
  </datafield>
  <datafield tag="300" ind1=" " ind2=" ">
    <subfield code="a">&#x418;&#x43C;&#x435;&#x44E;&#x442;&#x441;&#x44F; &#x43F;&#x440;&#x438;&#x43C;&#x435;&#x447;. &#x430;&#x432;&#x442;.</subfield>
  </datafield>
  <datafield tag="311" ind1=" " ind2=" ">
    <subfield code="a">&#x41E;&#x442;&#x442;. &#x438;&#x437; "&#x417;&#x430;&#x43F;. &#x410;&#x434;&#x43C;&#x438;&#x440;&#x430;&#x43B;&#x442;. &#x414;&#x435;&#x43F;&#x430;&#x440;&#x442;." (1826, &#x447;.11)</subfield>
  </datafield>
  <datafield tag="316" ind1=" " ind2=" ">
    <subfield code="a">&#x42D;&#x43A;&#x437;. &#x420;&#x41D;&#x411; (18.220.6.5) &#x432; &#x441;&#x43E;&#x441;&#x442;. &#x43A;&#x430;&#x440;&#x442;&#x43E;&#x43D;. &#x43F;&#x435;&#x440;., &#x43E;&#x43A;&#x43B;&#x435;&#x435;&#x43D;&#x43D;&#x43E;&#x43C; &#x442;&#x438;&#x441;&#x43D;&#x435;&#x43D;&#x43E;&#x439; &#x437;&#x435;&#x43B;&#x435;&#x43D;&#x43E;&#x439; &#x431;&#x443;&#x43C;&#x430;&#x433;&#x43E;&#x439;, &#x441; &#x43A;&#x43E;&#x440;&#x438;&#x447;&#x43D;&#x435;&#x432;&#x44B;&#x43C;&#x438; &#x43A;&#x43E;&#x436;&#x430;&#x43D;&#x44B;&#x43C;&#x438; &#x43A;&#x43E;&#x440;&#x435;&#x448;&#x43A;&#x43E;&#x43C; &#x438; &#x443;&#x433;&#x43E;&#x43B;&#x43A;&#x430;&#x43C;&#x438;. &#x41D;&#x430; &#x43A;&#x43E;&#x440;&#x435;&#x448;&#x43A;&#x435; &#x432;&#x44B;&#x442;&#x435;&#x441;&#x43D;&#x435;&#x43D;&#x43E; &#x437;&#x430;&#x433;&#x43B;.: "&#x417;&#x430;&#x43F;&#x438;&#x441;&#x43A;&#x438; &#x41C;&#x438;&#x43D;&#x438;&#x446;&#x43A;&#x430;&#x433;&#x43E;". &#x41D;&#x430; &#x43A;&#x43E;&#x440;&#x435;&#x448;&#x43A;&#x435; &#x431;&#x443;&#x43C;&#x430;&#x436;. &#x43D;&#x430;&#x43A;&#x43B;&#x435;&#x439;&#x43A;&#x430; &#x441; &#x446;&#x438;&#x444;&#x440;&#x43E;&#x439; 504. &#x41D;&#x430; &#x43D;&#x438;&#x436;&#x43D;&#x435;&#x439; &#x43A;&#x440;&#x44B;&#x448;&#x43A;&#x435; &#x43F;&#x435;&#x440;. &#x44D;&#x43A;&#x441;&#x43B;&#x438;&#x431;&#x440;&#x438;&#x441; &#x440;&#x443;&#x441;. &#x444;&#x43E;&#x43D;&#x434;&#x430; &#x413;&#x41F;&#x411; &#x441; &#x448;&#x438;&#x444;&#x440;&#x43E;&#x43C;. &#x41D;&#x430; &#x444;&#x43E;&#x440;&#x437;&#x430;&#x446;&#x435; &#x44F;&#x440;&#x43B;&#x44B;&#x43A; &#x441; &#x448;&#x438;&#x444;&#x440;&#x43E;&#x43C; &#x420;&#x41D;&#x411;. &#x41D;&#x430; &#x43D;&#x430;&#x445;&#x437;&#x430;&#x446;&#x435; &#x440;&#x443;&#x43A;&#x43E;&#x43F;. &#x43F;&#x43E;&#x43C;&#x435;&#x442;&#x430; &#x442;&#x435;&#x445;&#x43D;&#x438;&#x447;. &#x445;&#x430;&#x440;&#x430;&#x43A;&#x442;&#x435;&#x440;&#x430;. &#x41D;&#x430; &#x442;&#x438;&#x442;.&#x43B;., &#x441;. 33, 108 &#x43A;&#x440;&#x443;&#x433;&#x43B;&#x44B;&#x439; &#x448;&#x442;&#x430;&#x43C;&#x43F; &#x413;&#x41F;&#x411;. &#x41E;&#x431;&#x440;&#x435;&#x437; &#x442;&#x43E;&#x43D;&#x438;&#x440;. &#x436;&#x435;&#x43B;&#x442;&#x44B;&#x439;. &#x420;&#x430;&#x437;&#x43C;&#x435;&#x440;: 20,8&#x445;13,0&#x445;1,4 &#x441;&#x43C;.</subfield>
    <subfield code="5">NLR: 118.220.6.5</subfield>
  </datafield>
  <datafield tag="317" ind1=" " ind2=" ">
    <subfield code="a">&#x412; &#x44D;&#x43A;&#x437;. &#x420;&#x41D;&#x411; (18.220.6.5) &#x43D;&#x430; &#x444;&#x43E;&#x440;&#x437;&#x430;&#x446;&#x435; &#x44F;&#x440;&#x43B;&#x44B;&#x43A; &#x43A;&#x43D;. &#x43B;&#x430;&#x432;&#x43A;&#x438; &#x41F;.&#x412;. &#x428;&#x438;&#x431;&#x430;&#x43D;&#x43E;&#x432;&#x430;: "&#x410;&#x43D;&#x442;&#x438;&#x43A;&#x432;&#x430;&#x440;&#x43D;&#x430;&#x44F; &#x43A;&#x43D;&#x438;&#x436;&#x43D;&#x430;&#x44F; &#x442;&#x43E;&#x440;&#x433;&#x43E;&#x432;&#x43B;&#x44F; &#x41F;.&#x412;. &#x428;&#x438;&#x431;&#x430;&#x43D;&#x43E;&#x432;&#x430;. &#x41C;&#x43E;&#x441;&#x43A;&#x432;&#x430;." (&#x411;&#x43E;&#x433;&#x43E;&#x43C;&#x43E;&#x43B;&#x43E;&#x432; 17466).</subfield>
    <subfield code="5">NLR: 18.220.6.5</subfield>
  </datafield>
  <datafield tag="325" ind1=" " ind2=" ">
    <subfield code="a">&#x41A;&#x43E;&#x43F;&#x438;&#x44F; &#x434;&#x43E;&#x441;&#x442;&#x443;&#x43F;&#x43D;&#x430; &#x432; &#x42D;&#x43B;&#x435;&#x43A;&#x442;&#x440;&#x43E;&#x43D;. &#x431;-&#x43A;&#x435; &#x420;&#x41D;&#x411;</subfield>
  </datafield>
  <datafield tag="488" ind1=" " ind2="0">
    <subfield code="1">2001#$a&#x417;&#x430;&#x43F;&#x438;&#x441;&#x43A;&#x438; &#x410;&#x434;&#x43C;&#x438;&#x440;&#x430;&#x43B;&#x442;&#x435;&#x439;&#x441;&#x43A;&#x43E;&#x433;&#x43E; &#x414;&#x435;&#x43F;&#x430;&#x440;&#x442;&#x430;&#x43C;&#x435;&#x43D;&#x442;&#x430;$v&#x427;.11</subfield>
    <subfield code="t">&#x417;&#x430;&#x43F;&#x438;&#x441;&#x43A;&#x438; &#x410;&#x434;&#x43C;&#x438;&#x440;&#x430;&#x43B;&#x442;&#x435;&#x439;&#x441;&#x43A;&#x43E;&#x433;&#x43E; &#x414;&#x435;&#x43F;&#x430;&#x440;&#x442;&#x430;&#x43C;&#x435;&#x43D;&#x442;&#x430;</subfield>
  </datafield>
  <datafield tag="620" ind1=" " ind2=" ">
    <subfield code="d">&#x421;&#x430;&#x43D;&#x43A;&#x442;-&#x41F;&#x435;&#x442;&#x435;&#x440;&#x431;&#x443;&#x440;&#x433;</subfield>
  </datafield>
  <datafield tag="700" ind1=" " ind2="1">
    <subfield code="a">&#x41C;&#x438;&#x43D;&#x438;&#x446;&#x43A;&#x438;&#x439;</subfield>
    <subfield code="b">&#x41C;.&#x418;.</subfield>
    <subfield code="f">1772-1829</subfield>
    <subfield code="g">&#x41C;&#x438;&#x445;&#x430;&#x438;&#x43B; &#x418;&#x432;&#x430;&#x43D;&#x43E;&#x432;&#x438;&#x447;</subfield>
    <subfield code="4">220</subfield>
  </datafield>
  <datafield tag="702" ind1=" " ind2="1">
    <subfield code="a">&#x428;&#x438;&#x431;&#x430;&#x43D;&#x43E;&#x432;</subfield>
    <subfield code="b">&#x41F;.&#x412;.</subfield>
    <subfield code="f">1822-1893</subfield>
    <subfield code="g">&#x41F;&#x430;&#x432;&#x435;&#x43B; &#x412;&#x430;&#x441;&#x438;&#x43B;&#x44C;&#x435;&#x432;&#x438;&#x447;</subfield>
    <subfield code="5">NLR: 118.220.6.5</subfield>
    <subfield code="4">390</subfield>
  </datafield>
  <datafield tag="712" ind1="0" ind2="1">
    <subfield code="4">610</subfield>
    <subfield code="a">&#x420;&#x43E;&#x441;&#x441;&#x438;&#x44F;</subfield>
    <subfield code="b">&#x41C;&#x43E;&#x440;&#x441;&#x43A;&#x43E;&#x435; &#x43C;&#x438;&#x43D;&#x438;&#x441;&#x442;&#x435;&#x440;&#x441;&#x442;&#x432;&#x43E;</subfield>
    <subfield code="b">&#x422;&#x438;&#x43F;&#x43E;&#x433;&#x440;&#x430;&#x444;&#x438;&#x44F;</subfield>
    <subfield code="3">RU\NLR\AUTH\889944172</subfield>
    <subfield code="9">383522</subfield>
  </datafield>
  <datafield tag="801" ind1=" " ind2="0">
    <subfield code="a">RU</subfield>
    <subfield code="b">NLR</subfield>
    <subfield code="g">psbo</subfield>
  </datafield>
  <datafield tag="801" ind1=" " ind2="0">
    <subfield code="a">RU</subfield>
    <subfield code="b">RuMoRGB</subfield>
    <subfield code="2">psbo</subfield>
  </datafield>
  <datafield tag="801" ind1=" " ind2="1">
    <subfield code="a">RU</subfield>
    <subfield code="b">ProSoft-M</subfield>
    <subfield code="2">rusmarc</subfield>
  </datafield>
  <datafield tag="852" ind1=" " ind2=" ">
    <subfield code="a">NLR</subfield>
    <subfield code="j">18.220.6.5</subfield>
  </datafield>
  <datafield tag="856" ind1=" " ind2="0">
    <subfield code="u">https://vivaldi.nlr.ru/bx000028177/view</subfield>
  </datafield>
  <datafield tag="856" ind1=" " ind2="1">
    <subfield code="u">https://vivaldi.nlr.ru/bx000028177/cover</subfield>
  </datafield>
  <datafield tag="856" ind1=" " ind2="2">
    <subfield code="u">https://vivaldi.nlr.ru/bx000028177/text</subfield>
  </datafield>
  <datafield tag="899" ind1=" " ind2=" ">
    <subfield code="a">RuMoRGB</subfield>
    <subfield code="j">G 45/80</subfield>
  </datafield>
  <datafield tag="899" ind1=" " ind2=" ">
    <subfield code="a">RuMoRGB</subfield>
    <subfield code="j">&#x394; 361/175</subfield>
  </datafield>
  <datafield tag="899" ind1=" " ind2=" ">
    <subfield code="a">RuMoRGB</subfield>
    <subfield code="j">&#x394; 361/142</subfield>
  </datafield>
  <datafield tag="899" ind1=" " ind2=" ">
    <subfield code="a">RuMoRGB</subfield>
    <subfield code="j">U 357/400</subfield>
  </datafield>
  <datafield tag="899" ind1=" " ind2=" ">
    <subfield code="a">&#x413;&#x41F;&#x418;&#x411;</subfield>
  </datafield>
  <datafield tag="899" ind1=" " ind2=" ">
    <subfield code="a">&#x41D;&#x411; &#x41C;&#x413;&#x423;</subfield>
  </datafield>
  <datafield tag="942" ind1=" " ind2=" ">
    <subfield code="c">BOOK</subfield>
  </datafield>
  <datafield tag="980" ind1=" " ind2=" ">
    <subfield code="a">NB</subfield>
  </datafield>
  <datafield tag="981" ind1="2" ind2="2">
    <subfield code="a">(22) &#x41C;&#x430;&#x442;&#x435;&#x440;&#x438;&#x430;&#x43B;&#x44B; &#x43F;&#x43E; &#x438;&#x441;&#x442;&#x43E;&#x440;&#x438;&#x438; &#x420;&#x43E;&#x441;&#x441;&#x438;&#x438;</subfield>
    <subfield code="b">(22) &#x418;&#x441;&#x442;&#x43E;&#x440;&#x438;&#x44F; &#x420;&#x43E;&#x441;&#x441;&#x438;&#x438; &#x434;&#x43E; 25 &#x43E;&#x43A;&#x442;&#x44F;&#x431;&#x440;&#x44F; (7 &#x43D;&#x43E;&#x44F;&#x431;&#x440;&#x44F;) 1917 &#x433;&#x43E;&#x434;&#x430;</subfield>
  </datafield>
  <datafield tag="981" ind1="2" ind2="0">
    <subfield code="a">(20) &#x41A;&#x43D;&#x438;&#x436;&#x43D;&#x44B;&#x435; &#x43F;&#x430;&#x43C;&#x44F;&#x442;&#x43D;&#x438;&#x43A;&#x438; &#x420;&#x41D;&#x411;</subfield>
    <subfield code="b">(20) &#x420;&#x443;&#x441;&#x441;&#x43A;&#x438;&#x439; &#x43A;&#x43D;&#x438;&#x436;&#x43D;&#x44B;&#x439; &#x444;&#x43E;&#x43D;&#x434;</subfield>
  </datafield>
  <datafield tag="995" ind1=" " ind2=" ">
    <subfield code="5">2013-10-26</subfield>
    <subfield code="b">NLR02</subfield>
    <subfield code="c">NLR02</subfield>
    <subfield code="e">RFS</subfield>
    <subfield code="f">4429332-10</subfield>
    <subfield code="k">18.220.6.5</subfield>
    <subfield code="o">0</subfield>
    <subfield code="r">BOOK</subfield>
    <subfield code="s">1822065_</subfield>
  </datafield>
  <datafield tag="995" ind1=" " ind2=" ">
    <subfield code="5">2013-10-26</subfield>
    <subfield code="b">NLR01</subfield>
    <subfield code="c">NLR01</subfield>
    <subfield code="e">TEMP</subfield>
    <subfield code="f">4429332-60</subfield>
    <subfield code="o">0</subfield>
    <subfield code="r">BOOK</subfield>
  </datafield>
  <datafield tag="995" ind1=" " ind2=" ">
    <subfield code="5">2013-10-26</subfield>
    <subfield code="b">NLR01</subfield>
    <subfield code="c">NLR01</subfield>
    <subfield code="e">TEMP</subfield>
    <subfield code="f">4429332-70</subfield>
    <subfield code="o">0</subfield>
    <subfield code="r">BOOK</subfield>
  </datafield>
</record>
